LEADER 09045oam 2201693 c 450 001 9910476896203321 005 20260302090207.0 010 $a9783839455975 010 $a3839455979 024 7 $a10.14361/9783839455975 035 $a(CKB)5590000000469577 035 $a(DE-B1597)574037 035 $a(OCoLC)1248759462 035 $a(DE-B1597)9783839455975 035 $a(MiAaPQ)EBC6762773 035 $a(Au-PeEL)EBL6762773 035 $a(transcript Verlag)9783839455975 035 $a(MiAaPQ)EBC6956281 035 $a(Au-PeEL)EBL6956281 035 $a(oapen)https://directory.doabooks.org/handle/20.500.12854/70133 035 $a(MiAaPQ)EBC30591495 035 $a(Au-PeEL)EBL30591495 035 $a(ScCtBLL)3c3da067-256b-48d5-8036-bff6fa479161 035 $a(Perlego)2031687 035 $a(oapen)doab70133 035 $a(EXLCZ)995590000000469577 100 $a20260302d2021 uy 0 101 0 $ager 135 $aur||||||||||| 181 $ctxt$2rdacontent 182 $cc$2rdamedia 183 $acr$2rdacarrier 200 10$aTechnologisches Regieren$eDer Aufstieg des Netzwerk-Denkens in der Krise der Moderne. Foucault, Luhmann und die Kybernetik$fVincent August 205 $a1st ed. 210 $aBielefeld$ctranscript Verlag$d2021 215 $a1 online resource (480 p.) 225 0 $aEdition transcript 311 08$a9783837655971 311 08$a3837655970 327 $tFrontmatter -- $tInhalt -- $tVorwort von Hartmut Rosa -- $tEinleitung -- $tI. Das Gegenmodell: »Souveränität« nach 1945 -- $tEinleitung -- $t1. Souveränität oder Weltregierung -- $t2. Die Ausgestaltung der Souveränität -- $t3. Das Paradigma der Souveränität -- $tII. Technologiken: Modernes Steuerungsdenken in der Kritik -- $tEinleitung -- $t1. Technokratie -- $t2. Die kybernetische Alternative -- $tIII. Transformation: Krise der Moderne, Zerfall der Souveränität -- $tEinleitung -- $t1. Krisenphänomene -- $t2. Krisennarrative -- $t3. Die Krise der Moderne und die zwei Chancen der Neuordnung -- $tIV. Das Netzwerkmodell der Macht: Michel Foucault -- $tEinleitung -- $t1. Die Geschichte der ?Denksysteme? -- $t2. Macht und Machtkämpfe -- $t3. Technologien des Regierens -- $tV. Die Politik der Systemtheorie: Niklas Luhmann -- $tEinleitung -- $t1. Abschied von Alteuropa -- $t2. Politik der Gesellschaft -- $t3. Ökologische Rationalität -- $tTechnologisches Regieren: Konturen und Kritik -- $tDank -- $tAbbildungsverzeichnis -- $tLiteraturverzeichnis -- $tRegister 330 $aDas Netzwerk ist ein Grundbegriff des 21. Jahrhunderts geworden ? und mit ihm die Diagnose, dass wir in einem neuen Zeitalter leben, in dem es auf Konnektivität, Flexibilität und Selbstorganisation ankommt. In einer groß angelegten Geschichte des Regierungsdenkens zeichnet Vincent August erstmals diese fundamentale Transformation nach. Er zeigt, dass unsere Welt keineswegs nur durch den Neoliberalismus geprägt wird ? und dass die Netzwerk-Gesellschaft nicht einfach ein Resultat des Internets oder von Computern ist. Vielmehr griffen Berater:innen und Intellektuelle wie Foucault, Crozier oder Luhmann auf die Kybernetik zurück, um die Ideenwelt der Souveränität abzulösen und unser Regierungsdenken grundlegend zu verändern. Eine Analyse spätmoderner Gesellschaften kommt ohne eine Analyse dieses Netzwerk-Paradigmas nicht aus. 330 1 $a»Es [handelt] sich bei dem von August vorgelegten Buch um eine beeindruckende Theoriearbeit, die durch die Originalität des zentralen Arguments besticht.[E]ine Studie von außergewöhnlicher Stringenz und Überzeugungskraft«. 330 1 $a»Eine Arbeit mit höchstem wissenschaftlichem Anspruch, die das Netzwerk-Denken in der Krise der Moderne in den Mittelpunkt der Betrachtungen stellt.« 330 1 $aBesprochen in:junge Welt, 05.11.2021, Thomas LandH-Soz-u-Kult, 16.11.2021, Thomas Landwww.sowi.hu-berlin.de, 10.10.2023 330 1 $a»Die Studie von Vincent August zeigt auf beeindruckende Art, dass es sich lohnt, einen genaueren Blick auf die Geschichte der Kybernetik zu werfen, weil man durch sie etwas über die politische Gegenwart erfährt.Wie jedes gute Buch verändert auch dieses den Blick auf die Gegenwart.« 330 1 $a»August [hat] ein bislang vernachlässigtes Forschungsgebiet für die sozialwissenschaftliche Diskussion auf beeindruckende Weise neu erschlossen.Die Arbeit [...] macht einen wichtigen Schritt in die Richtung einer politischen Theorie des digitalen Zeitalters. Sie ist nicht nur ideengeschichtliche Rekonstruktion, sondern auch kritische Zeitdiagnose der Transformation politischer Möglichkeitsräume.« 330 1 $a»August hat eine spannend zu lesende, geistreiche Studie vorgelegt, die durch die Synthese nebeneinanderliegender Diskursstränge besticht.« 330 1 $a»August [hat] ein bislang vernachlässigtes Forschungsgebiet für die sozialwissenschaftliche Diskussion auf beeindruckende Weise neu erschlossen.[Die Arbeit] ist nicht nur ideengeschichtliche Rekonstruktion, sondern auch kritische Zeitdiagnose der Transformation politischer Möglichtkeitsräume.« 330 1 $a»Glücklicherweise begnügt sich August, anders als viele prominentere Zeitdiagnostiker, aber nicht damit, den Aufstieg des titelgebenden ?technologischen Regierens? festzustellen und dann mit der eigenen Kritik zu konfrontieren. Im Gegenteil: Die durchaus nicht kurz geratene Studie beschäftigt sich zu einem großen Teil damit, die politisch-soziale Situation zu erhellen, die diesen Aufstieg möglich gemacht hat.« 330 1 $a»Mit seiner Rekonstruktion unterschiedlicher Strömungen politischer und sozialwissenschaftlicher Theorie, sowohl unter den Vorzeichen des Souveränitäts- als auch des Netzwerk-Denkens, liefert das Buch eine lesenswerte Analyse der Entwicklung von Begriffs- und Denkgrundlagen der modernen Regierungsführung.« 410 0$aEdition Transcript 517 2 $aAugust, Technologisches Regieren$eDer Aufstieg des Netzwerk-Denkens in der Krise der Moderne. Foucault, Luhmann und die Kybernetik 606 $aNetworks 606 $aNetzwerke 606 $aKybernetik 606 $aCybernetics 606 $aSouveränität 606 $aNeoliberalism 606 $aNeoliberalismus 606 $aGovernment Models 606 $aRegierungsmodelle 606 $aHistory of Ideas 606 $aIdeengeschichte 606 $aMichel Foucault 606 $aNiklas Luhmann 606 $aMichel Crozier 606 $aPostmodernity 606 $aSpätmoderne 606 $aStructural Change 606 $aStrukturwandel 606 $aControl System 606 $aSteuerung 606 $aTransformation 606 $aPolitics 606 $aPolitik 606 $aSociology of Knowledge 606 $aPolitical Theory 606 $aWissenssoziologie 606 $aNetwork Governance 606 $aPolitische Theorie 606 $aDigitalization 606 $aDigitalisierung 606 $aSociety 606 $aGesellschaft 606 $aSociological Theory 606 $aSoziologische Theorie 606 $aSystems Theory 606 $aSystemtheorie 606 $aPolitical Sociology 606 $aDemocracy 606 $aPolitische Soziologie 606 $aDemokratie 606 $aSociology 606 $aSoziologie 615 4$aNetworks 615 4$aNetzwerke 615 4$aKybernetik 615 4$aCybernetics 615 4$aSouveränität 615 4$aNeoliberalism 615 4$aNeoliberalismus 615 4$aGovernment Models 615 4$aRegierungsmodelle 615 4$aHistory of Ideas 615 4$aIdeengeschichte 615 4$aMichel Foucault 615 4$aNiklas Luhmann 615 4$aMichel Crozier 615 4$aPostmodernity 615 4$aSpätmoderne 615 4$aStructural Change 615 4$aStrukturwandel 615 4$aControl System 615 4$aSteuerung 615 4$aTransformation 615 4$aPolitics 615 4$aPolitik 615 4$aSociology of Knowledge 615 4$aPolitical Theory 615 4$aWissenssoziologie 615 4$aNetwork Governance 615 4$aPolitische Theorie 615 4$aDigitalization 615 4$aDigitalisierung 615 4$aSociety 615 4$aGesellschaft 615 4$aSociological Theory 615 4$aSoziologische Theorie 615 4$aSystems Theory 615 4$aSystemtheorie 615 4$aPolitical Sociology 615 4$aDemocracy 615 4$aPolitische Soziologie 615 4$aDemokratie 615 4$aSociology 615 4$aSoziologie 700 $aAugust$b Vincent$p

Vincent August, Humboldt-Universität zu Berlin, Deutschland

$4aut$01888189 712 02$aHumboldt-Universität zu Berlin$4fnd$4http://id.loc.gov/vocabulary/relators/fnd 801 0$bDE-B1597 801 1$bDE-B1597 906 $aBOOK 912 $a9910476896203321 996 $aTechnologisches Regieren$94526588 997 $aUNINA